[Event "BAN-ch (Women) 34th"]
[Site "Dhaka"]
[Date "2014.02.18"]
[Round "11"]
[White "Chowdhury, Mahmuda Haque"]
[Black "Shamima, Akter Liza"]
[Result "0-1"]
[WhiteElo "1723"]
[BlackElo "2166"]
[PlyCount "120"]
[EventDate "2014.02.07"]
[EventType "tourn"]
[EventRounds "11"]
[EventCountry "BAN"]
[SourceTitle "CBM 158 Extra"]
[Source "ChessBase"]
[SourceDate "2014.02.28"]
[SourceVersion "1"]
[SourceVersionDate "2014.02.28"]
[SourceQuality "1"]

1. d4 d5 2. c4 c6 3. e3 Bf5 4. Nc3 e6 5. Nf3 Nf6 6. Nh4 Bg4 7. Be2 Bxe2 8. Qxe2 Nbd7 9. Nf3 Ne4 10. cxd5 exd5 11. Nxe4 dxe4 12. Nd2 Nf6 13. Nc4 Qd5 14. Bd2 Be7 15. 0-0 0-0 16. b4 Qg5 17. Rfc1 Rad8 18. Rab1 Rd5 19. Ne5 Bd6 20. f4 exf3 21. Nxf3 Qg6 22. b5 Ne4 23. bxc6 bxc6 24. Bb4 Re8 25. Bxd6 Nxd6 26. Ne5 Qe4 27. Qf3 Qxf3 28. Nxf3 h6 29. Rxc6 Rxe3 30. Rb3 Re2 31. a3 Ne4 32. Kf1 Rf2+ 33. Kg1 Ra2 34. h3 Nd2 35. Nxd2 Rxd2 36. Rc8+ Kh7 37. Rc7 Rg5 38. g4 f5 39. Rg3 Rxd4 40. Rxa7 fxg4 41. Rxg4 Rgxg4+ 42. hxg4 Rxg4+ 43. Kh2 h5 44. a4 Rb4 45. a5 Kh6 46. a6 Ra4 47. Ra8 Kg5 48. a7 g6 49. Kg2 Ra3 50. Kh2 Ra2+ 51. Kg3 h4+ 52. Kh3 Ra1 53. Kg2 Ra3 54. Kh2 Ra6 55. Kh3 Ra2 56. Rb8 Ra3+ 57. Kg2 Rxa7 58. Rb5+ Kg4 59. Rb4+ Kh5 60. Rb5+ g5 0-1

[Event "Chennai op (Women)"]
[Site "Chennai"]
[Date "2013.11.06"]
[Round "1"]
[White "Guramishvili, Sopiko"]
[Black "Chowdhury, Mahmuda Haque"]
[Result "1-0"]
[WhiteElo "2441"]
[BlackElo "1766"]
[PlyCount "57"]
[EventDate "2013.11.06"]
[EventType "swiss"]
[EventRounds "11"]
[EventCountry "IND"]
[SourceTitle "EXT 2014"]
[Source "ChessBase"]
[SourceDate "2013.11.20"]
[SourceVersion "1"]
[SourceVersionDate "2013.11.20"]
[SourceQuality "1"]

1. Nf3 Nf6 2. c4 e6 3. g3 d5 4. Bg2 Nbd7 5. d4 c6 6. Qc2 Be7 7. 0-0 0-0 8. Nbd2 b6 9. e4 dxe4 10. Nxe4 Bb7 11. Rd1 Qc7 12. Bf4 Qc8 13. Nd6 Bxd6 14. Bxd6 Re8 15. c5 b5 16. h4 Nd5 17. g4 Nf8 18. h5 Nd7 19. Bg3 N7f6 20. Ne5 a5 21. Qe2 h6 22. f4 b4 23. g5 Ba6 24. Qf3 Nd7 25. gxh6 Nxe5 26. fxe5 gxh6 27. Bh4 Bb5 28. Qg3+ Kh8 29. Bxd5 1-0

[Event "Dhaka Six Seasons"]
[Site "Dhaka"]
[Date "2013.03.31"]
[Round "9"]
[White "Tanzina, Akter Tani"]
[Black "Chowdhury, Mahmuda Haque"]
[Result "1-0"]
[WhiteElo "1677"]
[BlackElo "1782"]
[PlyCount "63"]
[EventDate "2013.03.22"]
[EventType "tourn"]
[EventRounds "9"]
[EventCountry "BAN"]
[SourceTitle "CBM 153 Extra"]
[Source "ChessBase"]
[SourceDate "2013.04.22"]
[SourceVersion "1"]
[SourceVersionDate "2013.04.22"]
[SourceQuality "1"]

1. e4 e6 2. d4 d5 3. Nd2 c5 4. c3 cxd4 5. cxd4 dxe4 6. Nxe4 Bb4+ 7. Nc3 Nc6 8. a3 Ba5 9. Nf3 Nf6 10. b4 Bb6 11. Bb5 0-0 12. Bxc6 bxc6 13. 0-0 Ba6 14. Re1 Bc4 15. Bg5 Bd5 16. Nxd5 cxd5 17. Ne5 Rc8 18. Re3 Rc7 19. Ng4 Rc4 20. Rd3 Bc7 21. Nxf6+ gxf6 22. Bh6 Kh8 23. Bxf8 Qxf8 24. Qf3 Qh6 25. g3 Bb6 26. Rad1 Qg6 27. h4 f5 28. Qe3 Qf6 29. f4 Kg7 30. Kg2 Rc2+ 31. R1d2 Rc1 32. Kf3 1-0

[Event "Dhaka Six Seasons"]
[Site "Dhaka"]
[Date "2013.03.23"]
[Round "2"]
[White "Niklesh, Kumar Jain"]
[Black "Chowdhury, Mahmuda Haque"]
[Result "1-0"]
[WhiteElo "1902"]
[BlackElo "1782"]
[PlyCount "85"]
[EventDate "2013.03.22"]
[EventType "tourn"]
[EventRounds "9"]
[EventCountry "BAN"]
[SourceTitle "CBM 153 Extra"]
[Source "ChessBase"]
[SourceDate "2013.04.22"]
[SourceVersion "1"]
[SourceVersionDate "2013.04.22"]
[SourceQuality "1"]

1. e4 e6 2. d3 d5 3. Nd2 Nf6 4. Ngf3 c5 5. g3 Nc6 6. Bg2 Be7 7. 0-0 0-0 8. Re1 Re8 9. e5 Nd7 10. Nf1 f6 11. exf6 Bxf6 12. c3 b6 13. h4 Nf8 14. N1h2 e5 15. Ng5 h6 16. Ngf3 Be6 17. Qe2 Qd7 18. Bd2 Bh3 19. Kh1 Bxg2+ 20. Kxg2 e4 21. dxe4 Rxe4 22. Qd3 Rae8 23. Rad1 c4 24. Qf1 Qf5 25. Be3 Nd7 26. Nd2 R4e7 27. Ndf3 Nc5 28. Bxc5 bxc5 29. Rxe7 Rxe7 30. Re1 Ne5 31. Nxe5 Rxe5 32. Rxe5 Qxe5 33. Ng4 Qe4+ 34. f3 Qc2+ 35. Qf2 Qxf2+ 36. Kxf2 d4 37. Nxf6+ gxf6 38. Ke2 Kf7 39. Kd2 Ke6 40. b4 cxb4 41. cxb4 Kd5 42. a4 a6 43. g4 1-0

[Event "Dhaka Six Seasons 2nd"]
[Site "Dhaka"]
[Date "2010.08.26"]
[Round "4"]
[White "Saidul, Islam"]
[Black "Chowdhury, Mahmuda Haque"]
[Result "1-0"]
[WhiteElo "2030"]
[BlackElo "1795"]
[PlyCount "59"]
[EventDate "2010.08.23"]
[EventType "tourn"]
[EventRounds "10"]
[EventCountry "BAN"]
[SourceTitle "EXT 2019"]
[Source "ChessBase"]
[SourceDate "2018.10.10"]
[SourceVersion "1"]
[SourceVersionDate "2018.10.10"]
[SourceQuality "1"]

1. e4 e6 2. d4 d5 3. exd5 exd5 4. c4 Nf6 5. Nc3 Nc6 6. Bg5 dxc4 7. d5 Qe7+ 8. Be3 Nb4 9. a3 Nd3+ 10. Bxd3 cxd3 11. Qxd3 Ng4 12. 0-0-0 Nxe3 13. Re1 g6 14. Qd4 Bh6 15. Qxh8+ Kd7 16. fxe3 f6 17. Ne4 Bg7 18. Qg8 Qxe4 19. Qxg7+ Ke8 20. Qxf6 Bf5 21. Qc3 Rd8 22. Nf3 Rxd5 23. Nd2 Rxd2 24. Kxd2 Qxg2+ 25. Kc1 Qe4 26. Rhf1 Qb1+ 27. Kd2 Qe4 28. Rf4 Qg2+ 29. Re2 Qd5+ 30. Rd4 1-0

[Event "BAN-ch (Women) 31st"]
[Site "Narayanganj"]
[Date "2010.05.05"]
[Round "11"]
[White "Chowdhury, Mahmuda Haque"]
[Black "Rokshana, Titli"]
[Result "1-0"]
[WhiteElo "1794"]
[BlackElo "1495"]
[PlyCount "53"]
[EventDate "2010.04.24"]
[EventType "tourn"]
[EventRounds "11"]
[EventCountry "BAN"]
[SourceTitle "CBM 136 Extra"]
[Source "ChessBase"]
[SourceDate "2010.07.02"]
[SourceVersion "2"]
[SourceVersionDate "2010.07.15"]
[SourceQuality "1"]

1. d4 d5 2. c4 c6 3. Nc3 Nf6 4. e3 Bf5 5. cxd5 cxd5 6. Qb3 Qd7 7. Nf3 Be6 8. Ne5 Qc7 9. Bd2 Nc6 10. Bb5 a6 11. Qa4 Bd7 12. Nxd7 Qxd7 13. Bxc6 bxc6 14. Rc1 Qb7 15. b4 e6 16. Ne2 Rc8 17. 0-0 Bd6 18. Rc2 Ne4 19. a3 0-0 20. Rfc1 Nxd2 21. Rxd2 Rc7 22. Rc3 e5 23. Rdc2 exd4 24. Nxd4 c5 25. Nf5 Rd8 26. Nxd6 Rxd6 27. Qe8# 1-0

[Event "BAN-ch (Women) 31st"]
[Site "Narayanganj"]
[Date "2010.05.02"]
[Round "8"]
[White "Jahanara, Haque"]
[Black "Chowdhury, Mahmuda Haque"]
[Result "1/2-1/2"]
[WhiteElo "1543"]
[BlackElo "1794"]
[PlyCount "104"]
[EventDate "2010.04.24"]
[EventType "tourn"]
[EventRounds "11"]
[EventCountry "BAN"]
[SourceTitle "CBM 136 Extra"]
[Source "ChessBase"]
[SourceDate "2010.07.02"]
[SourceVersion "2"]
[SourceVersionDate "2010.07.15"]
[SourceQuality "1"]

1. d4 d5 2. c4 e6 3. Nc3 Nf6 4. Bg5 Nbd7 5. e3 Be7 6. Nf3 0-0 7. Be2 c6 8. 0-0 dxc4 9. Bxc4 Nd5 10. Bxe7 Qxe7 11. Rc1 Nxc3 12. Rxc3 e5 13. dxe5 Nxe5 14. Nxe5 Qxe5 15. Qb3 Qg5 16. Rd1 Bg4 17. Rd2 Bf3 18. Bf1 b6 19. g3 Rad8 20. Rcd3 Rxd3 21. Qxd3 Qd5 22. Qxd5 Bxd5 23. a3 Re8 24. Bg2 Bxg2 25. Kxg2 c5 26. Rd7 Ra8 27. Kf3 Kf8 28. Ke4 Re8+ 29. Kd5 Re7 30. Rd8+ Re8 31. Rd6 Ke7 32. e4 f6 33. a4 Kf8 34. f3 Re5+ 35. Kc6 c4 36. Rd5 Re8 37. Rd4 Rc8+ 38. Kb7 Rc5 39. Rd8+ Ke7 40. Rg8 Kf7 41. Rd8 Ra5 42. Rd7+ Kf8 43. Rd5 Rxa4 44. Rb5 Ke7 45. e5 Ra5 46. exf6+ gxf6 47. Rb4 b5 48. b3 c3 49. Rh4 a6 50. Rxh7+ Kd6 51. b4 Ra2 52. Rc7 c2 1/2-1/2

[Event "BAN-ch (Women) 31st"]
[Site "Narayanganj"]
[Date "2010.05.01"]
[Round "7"]
[White "Chowdhury, Mahmuda Haque"]
[Black "Sultana, Sharmin Shirin"]
[Result "0-1"]
[WhiteElo "1794"]
[BlackElo "1980"]
[PlyCount "44"]
[EventDate "2010.04.24"]
[EventType "tourn"]
[EventRounds "11"]
[EventCountry "BAN"]
[SourceTitle "CBM 136 Extra"]
[Source "ChessBase"]
[SourceDate "2010.07.02"]
[SourceVersion "2"]
[SourceVersionDate "2010.07.15"]
[SourceQuality "1"]

1. d4 d5 2. c4 c6 3. Nc3 Nf6 4. e3 g6 5. cxd5 cxd5 6. Nf3 Bg7 7. Bb5+ Nc6 8. Ne5 Bd7 9. 0-0 Rc8 10. Nxd7 Qxd7 11. Re1 0-0 12. e4 Nxe4 13. Nxe4 dxe4 14. Rxe4 e5 15. d5 Rcd8 16. Bg5 Qxd5 17. Bxd8 Qxe4 18. Bxc6 Qxc6 19. Rc1 Qb5 20. b3 e4 21. a4 Qe5 22. Bg5 Qxg5 0-1

[Event "BAN-ch (Women) 31st"]
[Site "Narayanganj"]
[Date "2010.04.28"]
[Round "5"]
[White "Sultana, Zakia"]
[Black "Chowdhury, Mahmuda Haque"]
[Result "1-0"]
[WhiteElo "1979"]
[BlackElo "1794"]
[PlyCount "145"]
[EventDate "2010.04.24"]
[EventType "tourn"]
[EventRounds "11"]
[EventCountry "BAN"]
[SourceTitle "CBM 136 Extra"]
[Source "ChessBase"]
[SourceDate "2010.07.02"]
[SourceVersion "2"]
[SourceVersionDate "2010.07.15"]
[SourceQuality "1"]

1. d4 d5 2. Nf3 Nf6 3. e3 e6 4. Bd3 c5 5. b3 cxd4 6. exd4 Nc6 7. a3 Bd6 8. Bb2 0-0 9. 0-0 Qc7 10. Re1 Bf4 11. Nbd2 Re8 12. g3 Bh6 13. Ne5 Nxe5 14. dxe5 Nd7 15. Nf3 g6 16. Bd4 a6 17. Nh4 Bg7 18. f4 Nc5 19. c3 Nxd3 20. Qxd3 Bd7 21. a4 b5 22. a5 b4 23. cxb4 Bb5 24. Qd2 Bf8 25. Rac1 Qb7 26. Bb6 Rac8 27. Nf3 Rxc1 28. Rxc1 Rc8 29. Rxc8 Qxc8 30. Kf2 Be7 31. Nd4 Bd7 32. h4 f6 33. exf6 Bxf6 34. Bc5 Bd8 35. Qc3 Bf6 36. Qe3 Kf7 37. Nf3 Qh8 38. Ne5+ Ke8 39. Bd6 Bxe5 40. Bxe5 Qf8 41. Qb6 Qf5 42. Qxa6 Qc2+ 43. Qe2 Qxb3 44. Qb2 Qxb2+ 45. Bxb2 Bb5 46. Ke3 Kd7 47. Bd4 h5 48. Bc5 Bc4 49. Kd4 Kc6 50. Ke5 Kb5 51. Kf6 Bd3 52. Kxe6 d4 53. Kd5 Bf5 54. Kxd4 Bg4 55. Ke5 Bh3 56. Kf6 Bf5 57. Kg5 Bd3 58. g4 hxg4 59. Kxg4 Ka6 60. Kg5 Kb5 61. h5 gxh5 62. Kxh5 Kc6 63. Kg5 Kd7 64. f5 Ke8 65. Kf6 Kd7 66. Ke5 Kc6 67. f6 Bc4 68. a6 Bf7 69. a7 Kb7 70. Kd6 Ka8 71. Kc7 Bc4 72. b5 Bxb5 73. f7 1-0

[Event "BAN-ch (Women) 31st"]
[Site "Narayanganj"]
[Date "2010.04.27"]
[Round "4"]
[White "Chowdhury, Mahmuda Haque"]
[Black "Hamid, Rani"]
[Result "0-1"]
[WhiteElo "1794"]
[BlackElo "2033"]
[PlyCount "138"]
[EventDate "2010.04.24"]
[EventType "tourn"]
[EventRounds "11"]
[EventCountry "BAN"]
[SourceTitle "CBM 136 Extra"]
[Source "ChessBase"]
[SourceDate "2010.07.02"]
[SourceVersion "2"]
[SourceVersionDate "2010.07.15"]
[SourceQuality "1"]

1. d4 Nf6 2. c4 e6 3. Nc3 Bb4 4. Qc2 0-0 5. a3 Bxc3+ 6. Qxc3 d6 7. Nf3 b6 8. g3 Bb7 9. Bg2 Nbd7 10. 0-0 Qe7 11. Nd2 Bxg2 12. Kxg2 c5 13. e3 Rfd8 14. b3 Nf8 15. e4 Qb7 16. d5 Ng6 17. a4 Re8 18. Bb2 Qd7 19. Qf3 e5 20. Rfe1 h6 21. Nb1 Nh7 22. h4 Rf8 23. Qf5 Qd8 24. Bc1 Ne7 25. Qh3 a6 26. Nc3 Nf6 27. f4 exf4 28. Bxf4 Ng6 29. Bc1 Ne5 30. Qf5 Nd3 31. Re3 Nxc1 32. Rxc1 Re8 33. Rce1 Re5 34. Qf3 Qd7 35. Na2 b5 36. axb5 axb5 37. Nc1 bxc4 38. bxc4 Ree8 39. Nd3 Ng4 40. R3e2 Ne5 41. Nxe5 Rxe5 42. Qb3 Rae8 43. Qf3 Qa4 44. Qd3 Rb8 45. Rb1 Rxb1 46. Qxb1 Qxc4 47. Kf3 f5 48. Qb8+ Kh7 49. Qxd6 fxe4+ 50. Kf4 Rxd5 51. Qe6 Qxe2 52. Qxd5 Qf3+ 53. Ke5 Qxg3+ 54. Kxe4 Qxh4+ 55. Kd3 Qd4+ 56. Qxd4 cxd4 57. Kxd4 g5 58. Ke3 Kg6 59. Kf2 h5 60. Kf3 Kf5 61. Kg2 Kf4 62. Kf2 g4 63. Kg2 h4 64. Kf2 Ke4 65. Kg2 Ke3 66. Kf1 Kf3 67. Kg1 g3 68. Kf1 g2+ 69. Kg1 h3 0-1

[Event "Dhaka Arometic (Women) 28th"]
[Site "Dhaka"]
[Date "2007.03.05"]
[Round "1"]
[White "Chowdhury, Mahmuda Haque"]
[Black "Sultana, Sharmin Shirin"]
[Result "0-1"]
[WhiteElo "1813"]
[BlackElo "1927"]
[PlyCount "104"]
[EventDate "2007.03.05"]
[EventType "tourn"]
[EventRounds "11"]
[EventCountry "BAN"]
[SourceTitle "EXT 2024"]
[Source "ChessBase"]
[SourceDate "2023.10.10"]
[SourceVersion "1"]
[SourceVersionDate "2023.10.10"]
[SourceQuality "1"]

1. d4 d5 2. c4 c6 3. Nc3 Nf6 4. e3 dxc4 5. Bxc4 b5 6. Bd3 Bb7 7. Nf3 e6 8. 0-0 a6 9. e4 Be7 10. Bg5 Nbd7 11. e5 Nd5 12. Bxe7 Nxc3 13. Bxd8 Nxd1 14. Rfxd1 Rxd8 15. Rac1 Nb6 16. Be4 Nd5 17. Rc5 h6 18. Bxd5 Rxd5 19. Rxd5 exd5 20. Ne1 Ke7 21. Rc1 a5 22. a3 Kd7 23. Nd3 Kc7 24. b4 Ra8 25. f4 axb4 26. Nxb4 Rxa3 27. Nxd5+ Kd7 28. Nb4 Rb3 29. Nc2 Rc3 30. Kf2 b4 31. Ke1 b3 32. Kd2 Rxc2+ 33. Rxc2 bxc2 34. Kxc2 Ke6 35. g4 g5 36. f5+ Kd5 37. Kc3 c5 38. dxc5 Kxe5 39. Kb4 Bf3 40. Kb5 Bxg4 41. c6 Bxf5 42. Kb6 h5 43. Kb7 h4 44. c7 g4 45. Kb8 g3 46. hxg3 hxg3 47. c8Q Bxc8 48. Kxc8 g2 49. Kb8 g1Q 50. Kc7 Qc5+ 51. Kb7 Qb5+ 52. Ka8 Qc6+ 0-1

[Event "Box Hill Winter Interclub"]
[Site "Box Hill"]
[Date "2003.07.18"]
[Round "1.3"]
[White "Rikalo, Milenko"]
[Black "Chowdhury, Mahmuda Haque"]
[Result "0-1"]
[WhiteElo "1819"]
[BlackElo "1792"]
[PlyCount "104"]
[EventDate "2003.07.18"]
[EventType "team-tourn"]
[EventRounds "7"]
[EventCountry "AUS"]
[SourceTitle "EXT 2018"]
[Source "ChessBase"]
[SourceDate "2017.10.13"]
[SourceVersion "1"]
[SourceVersionDate "2017.10.13"]
[SourceQuality "1"]

1. e4 e6 2. f4 d5 3. e5 c5 4. Nf3 Nc6 5. Bb5 Qb6 6. Ba4 Nge7 7. Nc3 h5 8. Ne2 Bd7 9. c3 Nf5 10. Bc2 Be7 11. b3 0-0 12. Ng3 h4 13. Nxf5 exf5 14. Qe2 d4 15. Qf2 Rae8 16. Bb2 f6 17. 0-0-0 fxe5 18. fxe5 Be6 19. Nxh4 Nxe5 20. cxd4 Ng4 21. Qe1 cxd4 22. h3 d3 23. Qg3 dxc2 24. Rde1 f4 25. Qf3 Bxh4 26. hxg4 Bxe1 27. Rxe1 Qc6 28. Qf2 Bxg4 29. Rh1 Re6 30. Qd4 Rg6 31. Re1 Qd6 32. Kxc2 Bf5+ 33. Kd1 Bg4+ 34. Kc2 Rc8+ 35. Kb1 Bf5+ 36. Ka1 Qxd4 37. Bxd4 Rxg2 38. Bc3 f3 39. Rf1 f2 40. Kb2 Re8 41. Bd4 Re1 42. Rxf2 Rxf2 43. Bxf2 Rb1+ 44. Kc3 a6 45. d4 Kf7 46. a4 Ke6 47. Kc4 Bc2 48. d5+ Kd7 49. b4 Bxa4 50. Be3 Bb3+ 51. Kc5 Bxd5 52. Kxd5 Rxb4 0-1